[Event "10eme Open International de La Fere"]
[Site "La Fere (FRA)"]
[Date "2011.07.08"]
[Round "8.6"]
[White "Schroeder, Jan-Christian"]
[Black "Llaneza Vega, Patricia"]
[Result "0-1"]
[WhiteElo "2164"]
[BlackElo "2246"]
[PlyCount "88"]
[EventDate "2011.??.??"]

1. e4 c5 2. Nf3 Nc6 3. d4 cxd4 4. Nxd4 Nf6 5. Nc3 d6 6. Bg5 e6 7. Qd2 a6 8.
O-O-O Bd7 9. f3 Be7 10. h4 h6 11. Be3 h5 12. Bg5 Ne5 13. f4 Neg4 14. Qe1 Qc7
15. Be2 Rc8 16. Bxg4 hxg4 17. e5 dxe5 18. fxe5 Nd5 19. Nxd5 exd5 20. Bxe7 Kxe7
21. Qe3 Rh5 22. Rde1 Bf5 23. e6 f6 24. Qa3+ Qc5 25. Nxf5+ Rxf5 26. Qd3 Rf2 27.
Re2 Rxe2 28. Qxe2 Qc4 29. Qd2 Rc6 30. Re1 Rxe6 31. b3 Rxe1+ 32. Qxe1+ Qe4 33.
Qf2 d4 34. Kb2 Qe5 35. Kb1 Kf7 36. Qf1 Kg6 37. Qd3+ f5 38. Kb2 Qe3 39. h5+ Kg5
40. Qf1 f4 41. Qc4 Qc3+ 42. Qxc3 dxc3+ 43. Kxc3 f3 44. gxf3 g3 0-1

[Event "10eme Open International de La Fere"]
[Site "La Fere (FRA)"]
[Date "2011.07.08"]
[Round "8.7"]
[White "Mataigne, Jean-Michel"]
[Black "Forthofer, Robert"]
[Result "0-1"]
[WhiteElo "2017"]
[BlackElo "2274"]
[PlyCount "50"]
[EventDate "2011.??.??"]

1. e4 e6 2. d4 d5 3. e5 c5 4. c3 Nc6 5. Nf3 Bd7 6. a3 f6 7. b4 fxe5 8. b5 Nxd4
9. Nxe5 Nf5 10. Bd3 Nf6 11. g4 Nd6 12. g5 Nfe4 13. Bxe4 Nxe4 14. Qh5+ g6 15.
Nxg6 hxg6 16. Qxh8 Nxg5 17. Be3 Nf7 18. Qg8 Qf6 19. Bxc5 O-O-O 20. Bxf8 Qf3 21.
Qxg6 Qxh1+ 22. Kd2 Ne5 23. Qf6 Nc4+ 24. Kc2 Qe4+ 25. Kb3 Qe2 0-1

[Event "10eme Open International de La Fere"]
[Site "La Fere (FRA)"]
[Date "2011.07.08"]
[Round "8.9"]
[White "Boudier, Eric"]
[Black "Mancini, Mario"]
[Result "0-1"]
[WhiteElo "1840"]
[BlackElo "2213"]
[PlyCount "48"]
[EventDate "2011.??.??"]

1. Nc3 c5 2. e4 e6 3. f4 d5 4. Nf3 Nc6 5. d3 Nf6 6. g3 Be7 7. Bg2 O-O 8. exd5
Nxd5 9. O-O Nxc3 10. bxc3 Rb8 11. Qe2 b6 12. Ne5 Nxe5 13. fxe5 Bb7 14. Bxb7
Rxb7 15. Qg4 Qd5 16. Qf3 Rd7 17. Qxd5 Rxd5 18. Bf4 c4 19. d4 Ra5 20. a4 Rd8 21.
Rfb1 Rdd5 22. Bc1 f6 23. exf6 Bxf6 24. Rb4 Rxd4 0-1

[Event "10eme Open International de La Fere"]
[Site "La Fere (FRA)"]
[Date "2011.07.08"]
[Round "8.10"]
[White "Londers, Jan"]
[Black "Schartz, Alain"]
[Result "0-1"]
[WhiteElo "1877"]
[BlackElo "2172"]
[PlyCount "56"]
[EventDate "2011.??.??"]

1. e4 c5 2. Nf3 Nc6 3. d4 cxd4 4. Nxd4 g6 5. Nxc6 bxc6 6. Qf3 Bg7 7. Bc4 e6 8.
Nc3 Qc7 9. Bg5 f6 10. Bh4 Ne7 11. O-O-O a5 12. Rhe1 a4 13. e5 fxe5 14. Ne4 Rf8
15. Nd6+ Qxd6 16. Rxd6 Rxf3 17. gxf3 Nf5 18. Red1 Nxh4 19. Be2 Nf5 20. R6d3 Nd4
21. Bf1 d5 22. f4 Bh6 23. Kb1 Bxf4 24. Ra3 Bd7 25. Rh3 h5 26. Bd3 Kf7 27. Rg1
e4 28. c3 e5 0-1

[Event "10eme Open International de La Fere"]
[Site "La Fere (FRA)"]
[Date "2011.07.08"]
[Round "8.11"]
[White "Jean, Robert"]
[Black "Bardoux, Thierry"]
[Result "0-1"]
[WhiteElo "1808"]
[BlackElo "2154"]
[PlyCount "82"]
[EventDate "2011.??.??"]

1. c4 Nf6 2. g3 g6 3. Nc3 Bg7 4. Bg2 O-O 5. e4 d6 6. d4 Nc6 7. Nge2 a6 8. O-O
Rb8 9. a4 e5 10. d5 Nb4 11. Na2 Nxa2 12. Rxa2 a5 13. Bd2 b6 14. Nc3 Nd7 15. Be3
f5 16. f4 Nf6 17. Kh1 Ng4 18. Bg1 h5 19. h3 exf4 20. gxf4 Nh6 21. Bd4 Bxd4 22.
Qxd4 fxe4 23. Nxe4 Qh4 24. Qf2 Nf5 25. Qxh4 Nxh4 26. b3 Bf5 27. Ng3 Rbe8 28.
Ne2 Bd3 29. Rf2 Bxe2 30. Raxe2 Rxe2 31. Rxe2 Rxf4 32. Re8+ Kf7 33. Rc8 Rf2 34.
Rxc7+ Kf6 35. Be4 Re2 36. Bd3 Re3 37. Bf1 Rxb3 38. Rc6 Ke5 39. Rc8 Kf4 40. Rf8+
Kg3 41. Rf6 Rf3 0-1

[Event "10eme Open International de La Fere"]
[Site "La Fere (FRA)"]
[Date "2011.07.08"]
[Round "8.12"]
[White "Menjour, Mohamed"]
[Black "Vedovotto, Nicolas"]
[Result "0-1"]
[WhiteElo "1770"]
[BlackElo "2068"]
[PlyCount "92"]
[EventDate "2011.??.??"]

1. Nf3 d5 2. g3 Nf6 3. Bg2 e6 4. d4 Bd6 5. c4 c6 6. c5 Bc7 7. Nc3 O-O 8. O-O b6
9. Na4 Nbd7 10. b3 bxc5 11. dxc5 e5 12. Qc2 Re8 13. Bb2 Qe7 14. Nd2 Ba6 15.
Rfe1 e4 16. Nf1 Rab8 17. Ne3 Bb5 18. b4 Ne5 19. Nf5 Qf8 20. Nd4 Bc4 21. Bc3
Nfd7 22. Nb2 f5 23. Nxc4 dxc4 24. Qa4 Qf6 25. Qxa7 Rec8 26. Qa4 Qg6 27. Qc2 Qf7
28. f4 exf3 29. exf3 Nd3 30. Re2 Be5 31. a3 Qf6 32. Rxe5 Qxe5 33. f4 Qe3+ 34.
Kf1 Nf6 35. Nxf5 Ng4 36. Bh1 Qe6 37. h3 Qxf5 38. hxg4 Qxg4 39. Qh2 Re8 40. Bxc6
Re3 41. Bd5+ Kh8 42. Be1 Rbe8 43. Bc3 Rxg3 44. Be5 Rxe5 45. fxe5 Qf4+ 46. Ke2
Re3+ 0-1

[Event "10eme Open International de La Fere"]
[Site "La Fere (FRA)"]
[Date "2011.07.08"]
[Round "8.13"]
[White "Thomas, Olivier"]
[Black "Molet, Asher"]
[Result "1/2-1/2"]
[WhiteElo "2035"]
[BlackElo "1859"]
[PlyCount "102"]
[EventDate "2011.??.??"]

1. e4 c5 2. Nc3 Nc6 3. f4 e6 4. Nf3 d6 5. Bc4 Nge7 6. d3 g6 7. O-O Bg7 8. Qe1
Nd4 9. Nxd4 cxd4 10. Ne2 O-O 11. Kh1 d5 12. exd5 Nxd5 13. Ng1 a6 14. a4 b6 15.
Nf3 Bb7 16. Bd2 Rc8 17. Qf2 Ne7 18. Rfe1 Kh8 19. Bb4 Bxf3 20. Qxf3 a5 21. Ba3
Rg8 22. Bxe7 Qxe7 23. f5 gxf5 24. Qxf5 Qc5 25. Qxf7 e5 26. Qb7 Rc7 27. Qe4 Rf8
28. Rf1 Rcc8 29. Qe2 Rxf1+ 30. Rxf1 Rf8 31. Kg1 Rxf1+ 32. Kxf1 Qe7 33. Qf3 Bf6
34. Ke2 Kg7 35. Qg4+ Kh6 36. b3 Bg5 37. Qe6+ Qxe6 38. Bxe6 Kg6 39. Kf3 Kf6 40.
Bc8 h6 41. Ke4 Bd2 42. Kd5 Bb4 43. Ke4 Bd2 44. g4 Be1 45. Kd5 Bb4 46. h4 Be1
47. h5 Bb4 48. Bf5 Ba3 49. Kc4 Bb4 50. Bc8 Kg5 51. Kd5 Kf6 1/2-1/2

[Event "10eme Open International de La Fere"]
[Site "La Fere (FRA)"]
[Date "2011.07.08"]
[Round "8.14"]
[White "Poulain, Andre"]
[Black "Marchyllie, Bruno"]
[Result "0-1"]
[WhiteElo "1804"]
[BlackElo "2143"]
[PlyCount "96"]
[EventDate "2011.??.??"]

1. e4 b6 2. d4 Bb7 3. Nc3 e6 4. Nf3 Bb4 5. Bd3 Nf6 6. e5 Ne4 7. Bxe4 Bxc3+ 8.
bxc3 Bxe4 9. O-O Nc6 10. Re1 Bxf3 11. Qxf3 O-O 12. Qg3 f6 13. exf6 Qxf6 14. Be3
Rac8 15. Qg5 Na5 16. Qb5 c6 17. Qd3 Qf5 18. Qe2 Qd5 19. a4 Rf5 20. Qg4 Rcf8 21.
Qg3 Nc4 22. Re2 Qd6 23. Qxd6 Nxd6 24. Bd2 Nc4 25. Bc1 Ra5 26. Ba3 Nxa3 27. Rxa3
b5 28. Re1 Kf7 29. Rea1 a6 30. axb5 Rxa3 31. Rxa3 axb5 32. Kf1 Ke7 33. Ke2 Kd6
34. f3 Kd5 35. Kd3 h5 36. Ra7 Kd6 37. Ke4 g5 38. g3 g4 39. f4 h4 40. gxh4 Rh8
41. f5 Rxh4 42. f6 g3+ 43. Kd3 gxh2 44. f7 Rf4 45. Ra1 Rxf7 46. Rh1 Rf3+ 47.
Kd2 Rh3 48. Kd1 Kd5 0-1

[Event "10eme Open International de La Fere"]
[Site "La Fere (FRA)"]
[Date "2011.07.08"]
[Round "8.15"]
[White "Feryn, Benjamin"]
[Black "Louis, Andre"]
[Result "1-0"]
[WhiteElo "2032"]
[BlackElo "1800"]
[PlyCount "133"]
[EventDate "2011.??.??"]

1. e4 c5 2. Nf3 Nc6 3. d4 cxd4 4. Nxd4 Nf6 5. Nc3 e5 6. Ndb5 d6 7. Bg5 a6 8.
Na3 b5 9. Nd5 Be7 10. Bxf6 Bxf6 11. c3 O-O 12. Nc2 Bg5 13. a4 bxa4 14. Rxa4 a5
15. Bc4 Rb8 16. b3 Kh8 17. Nce3 f5 18. Nxf5 Bxf5 19. exf5 Rxf5 20. O-O Ne7 21.
Qd3 Rf8 22. Nxe7 Bxe7 23. Qd5 Ra8 24. Rfa1 Qb6 25. R1a2 Ra7 26. Rxa5 Rxa5 27.
Qxa5 Qxa5 28. Rxa5 Bg5 29. Ra2 g6 30. Kf1 Rc8 31. Rc2 Kg7 32. Ke2 Bd8 33. Kd3
Kf6 34. Ra2 Bb6 35. Ra6 Rb8 36. Ke4 Ke7 37. Kd5 Bxf2 38. Rxd6 Bg1 39. h3 Bh2
40. Re6+ Kf8 41. b4 Bg3 42. Rf6+ Ke7 43. Rf3 Bf4 44. g3 Bd2 45. Kxe5 Rf8 46.
Rxf8 Bxc3+ 47. Kd5 Kxf8 48. b5 Ke7 49. Kc6 Kd8 50. Kb7 Be5 51. g4 Bd4 52. Bg8
h6 53. Bh7 g5 54. Bf5 Bc5 55. Kc6 Bd4 56. b6 Ke7 57. Kc7 Kf6 58. b7 Ba7 59.
b8=Q Bxb8+ 60. Kxb8 Ke5 61. Bg6 Kf4 62. Bh5 Ke5 63. Kc7 Ke6 64. Kc6 Ke7 65. Kd5
Kf6 66. Kd6 Kg7 67. Ke6 1-0

[Event "10eme Open International de La Fere"]
[Site "La Fere (FRA)"]
[Date "2011.07.08"]
[Round "8.16"]
[White "Obert, Julien"]
[Black "Heymann-Lobzhanidze, Anna-Luise"]
[Result "1/2-1/2"]
[WhiteElo "1792"]
[BlackElo "2025"]
[PlyCount "83"]
[EventDate "2011.??.??"]

1. e4 d6 2. d4 Nf6 3. Nc3 g6 4. f4 Bg7 5. Nf3 O-O 6. e5 dxe5 7. fxe5 Nd5 8. Bc4
Be6 9. Qe2 c5 10. Nxd5 Bxd5 11. Bxd5 Qxd5 12. c3 cxd4 13. cxd4 Nc6 14. Be3 Rac8
15. O-O Nb4 16. Rfc1 Nxa2 17. Rd1 a6 18. Qd2 Qb3 19. Ne1 Nb4 20. Ra3 Qc4 21.
Ra4 a5 22. Rxa5 Nd5 23. Ra3 Rfd8 24. Rd3 b5 25. h3 b4 26. Rc1 Qxc1 27. Qxc1
Rxc1 28. Bxc1 e6 29. Bd2 Bf8 30. Kf2 Rc8 31. Ke2 Rc4 32. g3 Ne7 33. Kf3 Nc6 34.
Be3 Ne7 35. Bd2 Nd5 36. Ke2 Bg7 37. Bg5 Kf8 38. Rd1 h6 39. Be3 Ke8 40. Ra1 Ne7
41. Kd3 Rc7 42. Ra4 1/2-1/2

[Event "10eme Open International de La Fere"]
[Site "La Fere (FRA)"]
[Date "2011.07.08"]
[Round "8.18"]
[White "Dernoncourt, Christophe"]
[Black "Mestdagh, Franck"]
[Result "0-1"]
[WhiteElo "1772"]
[BlackElo "1948"]
[PlyCount "100"]
[EventDate "2011.??.??"]

1. e4 c5 2. Nf3 d6 3. Bc4 Nf6 4. Nc3 a6 5. a3 e6 6. d3 Be7 7. Bg5 h6 8. Bf4 Nc6
9. e5 Nxe5 10. Nxe5 dxe5 11. Bxe5 Bd6 12. Bxd6 Qxd6 13. O-O Bd7 14. Qf3 Bc6 15.
Qg3 Qd4 16. Qe3 Qg4 17. f3 Qg5 18. Qxg5 hxg5 19. Rae1 Ke7 20. Ne4 Bxe4 21. dxe4
Rad8 22. Rd1 Nd7 23. Be2 Ne5 24. b3 Nc6 25. c3 a5 26. a4 Ne5 27. Rxd8 Rxd8 28.
Rd1 Rxd1+ 29. Bxd1 c4 30. b4 axb4 31. cxb4 Nd3 32. b5 c3 33. Kf1 Nb4 34. Ke2 c2
35. Bxc2 Nxc2 36. Kd3 Ne1+ 37. Kc4 Kd6 38. a5 Nxg2 39. e5+ Kc7 40. Kc5 Ne1 41.
b6+ Kb8 42. Kd6 Nxf3 43. h3 Ng1 44. Ke7 Nxh3 45. Kxf7 Nf4 46. Kxg7 g4 47. Kf6
g3 48. Kg5 g2 49. Kxf4 g1=Q 50. Ke4 Qe1+ 0-1

[Event "10eme Open International de La Fere"]
[Site "La Fere (FRA)"]
[Date "2011.07.08"]
[Round "8.19"]
[White "Brobecker, Alain"]
[Black "Dumas, Victor"]
[Result "0-1"]
[WhiteElo "1757"]
[BlackElo "1929"]
[PlyCount "30"]
[EventDate "2011.??.??"]

1. c4 e6 2. g3 d5 3. Bg2 Nf6 4. d3 dxc4 5. dxc4 Qxd1+ 6. Kxd1 Nc6 7. Nc3 Bd7 8.
Nb5 O-O-O 9. e3 Na5 10. Ke2 Nxc4 11. Nc3 Bb4 12. Nh3 Bxc3 13. bxc3 Bb5 14.
Bxb7+ Kxb7 15. Rb1 Na3+ 0-1

[Event "10eme Open International de La Fere"]
[Site "La Fere (FRA)"]
[Date "2011.07.08"]
[Round "8.21"]
[White "Wolfangel, Claude"]
[Black "Soveaux, Jean"]
[Result "1-0"]
[WhiteElo "1751"]
[BlackElo "1893"]
[PlyCount "133"]
[EventDate "2011.??.??"]

1. d4 Nf6 2. c4 e6 3. Nf3 b6 4. g3 Bb7 5. Bg2 d5 6. Nc3 Be7 7. O-O O-O 8. Ne5
Nfd7 9. cxd5 Nxe5 10. dxe5 exd5 11. Bxd5 c6 12. Bg2 Nd7 13. e6 fxe6 14. Bh3 Rf6
15. Ne4 Rg6 16. Qb3 Nf8 17. Bf5 Qe8 18. Bxg6 Qxg6 19. f3 h5 20. Bf4 c5 21. Bd6
Bd5 22. Qc3 Bd8 23. Bxf8 Kxf8 24. Rad1 h4 25. Qe5 Rc8 26. Qf4+ Kg8 27. Qd6 Qf7
28. Qf4 Qg6 29. g4 Bc7 30. Qg5 Bxe4 31. Qxh4 Bc6 32. Rd7 Qe8 33. Rfd1 Bd5 34.
b3 Bd8 35. Qg3 Bc7 36. Qh4 Bf4 37. Rd3 Bc7 38. e4 Bc6 39. e5 Bd5 40. f4 Bc6 41.
Rh3 Bd5 42. Rxd5 exd5 43. Qh7+ Kf7 44. Rh6 Bxe5 45. fxe5 Qxe5 46. Qg6+ Ke7 47.
Rh7 Qe1+ 48. Kg2 Qe4+ 49. Qxe4+ dxe4 50. Rxg7+ Kd6 51. Kf2 a5 52. h4 Ke5 53.
Ke3 Re8 54. h5 b5 55. Rc7 Kd6 56. Rf7 c4 57. bxc4 bxc4 58. Kd4 e3 59. Rf1 e2
60. Re1 Kc6 61. Kxc4 Re4+ 62. Kd3 Rxg4 63. Rxe2 Rh4 64. Re5 Kb6 65. Ke3 Ra4 66.
h6 Rxa2 67. Rh5 1-0

[Event "10eme Open International de La Fere"]
[Site "La Fere (FRA)"]
[Date "2011.07.08"]
[Round "8.22"]
[White "Jimenez, Martin"]
[Black "Dagnicourt, Francis"]
[Result "1-0"]
[WhiteElo "1888"]
[BlackElo "1729"]
[PlyCount "55"]
[EventDate "2011.??.??"]

1. d4 Nf6 2. Nd2 d5 3. Ngf3 e6 4. e3 c6 5. Bd3 Nbd7 6. O-O Be7 7. b3 O-O 8. Bb2
b6 9. Ne5 Nxe5 10. dxe5 Ne8 11. f4 f6 12. Qh5 f5 13. g4 g6 14. Qh6 Rf7 15. Kf2
Nc7 16. Rg1 c5 17. Nf3 Bd7 18. gxf5 exf5 19. Ng5 Bxg5 20. Rxg5 Ne6 21. Rg3 d4
22. exd4 Nxd4 23. Bxd4 cxd4 24. Bc4 Qc7 25. Rag1 Be6 26. Rxg6+ hxg6 27. Rxg6+
Rg7 28. Bxe6+ 1-0

[Event "10eme Open International de La Fere"]
[Site "La Fere (FRA)"]
[Date "2011.07.08"]
[Round "8.23"]
[White "Biniaux, Michael"]
[Black "Vandervorst, Marc"]
[Result "0-1"]
[WhiteElo "1720"]
[BlackElo "1882"]
[PlyCount "50"]
[EventDate "2011.??.??"]

1. d4 g6 2. e4 Bg7 3. f4 d6 4. e5 dxe5 5. fxe5 c5 6. c3 cxd4 7. cxd4 Nc6 8. Nf3
Bg4 9. Be2 Qb6 10. Qa4 O-O-O 11. d5 Qb4+ 12. Nc3 Qxa4 13. Nxa4 Rxd5 14. Bf4
Bxf3 15. Bxf3 Rd4 16. Nb6+ axb6 17. Be3 Rb4 18. Rc1 Kc7 19. a3 Rb5 20. O-O Bh6
21. Bxh6 Nxh6 22. b4 Rd8 23. Rfe1 Kb8 24. e6 fxe6 25. Rxe6 Nf5 0-1

[Event "10eme Open International de La Fere"]
[Site "La Fere (FRA)"]
[Date "2011.07.08"]
[Round "8.24"]
[White "Pretceille, Jeremie"]
[Black "Eeckhout, Jean-Louis"]
[Result "1-0"]
[WhiteElo "1857"]
[BlackElo "1696"]
[PlyCount "79"]
[EventDate "2011.??.??"]

1. e4 c5 2. Nc3 d6 3. g3 Bd7 4. Bg2 Bc6 5. Nge2 e6 6. O-O b6 7. d4 cxd4 8. Nxd4
Bb7 9. f4 Nd7 10. Be3 a6 11. Qe2 Qc7 12. Rad1 Ngf6 13. g4 Nc5 14. Bf2 b5 15. g5
b4 16. Nd5 Nxd5 17. exd5 e5 18. Nc6 Bxc6 19. dxc6 Ne6 20. fxe5 Be7 21. Qd3 Rd8
22. Qxa6 O-O 23. Bb6 Ra8 24. Bxc7 Rxa6 25. Bxd6 Re8 26. c7 Bxg5 27. Bb7 Be3+
28. Kh1 Nxc7 29. Bxa6 Nxa6 30. Rf3 Bc5 31. Rdf1 Bxd6 32. exd6 f6 33. c4 Rd8 34.
Rd3 Nc5 35. Rd5 Ne4 36. Re1 f5 37. c5 g6 38. c6 Rxd6 39. Rxd6 Nxd6 40. Rd1 1-0

[Event "10eme Open International de La Fere"]
[Site "La Fere (FRA)"]
[Date "2011.07.08"]
[Round "8.25"]
[White "Dermenghen, Thomas"]
[Black "Paris, Pierre-Julien"]
[Result "1/2-1/2"]
[WhiteElo "1839"]
[BlackElo "1650"]
[PlyCount "62"]
[EventDate "2011.??.??"]

1. e4 c6 2. d4 d5 3. Nc3 dxe4 4. Nxe4 Bf5 5. Ng3 Bg6 6. Nf3 Nd7 7. h4 h6 8. h5
Bh7 9. Bd3 Bxd3 10. Qxd3 e6 11. Bf4 Ngf6 12. O-O-O Be7 13. Kb1 O-O 14. Nf1 b5
15. Ne3 a5 16. g4 Nh7 17. Nd2 Nb6 18. Ne4 Ng5 19. Rdf1 Nd5 20. Nxd5 Qxd5 21.
Bxg5 Bxg5 22. f4 Be7 23. Rfg1 Rfd8 24. c3 b4 25. g5 hxg5 26. fxg5 c5 27. Nf6+
gxf6 28. gxf6+ Kf8 29. fxe7+ Kxe7 30. h6 cxd4 31. cxd4 Qxd4 1/2-1/2

[Event "10eme Open International de La Fere"]
[Site "La Fere (FRA)"]
[Date "2011.07.08"]
[Round "8.26"]
[White "Rouffignac, Marie"]
[Black "Van Wiele, Kurt"]
[Result "1/2-1/2"]
[WhiteElo "1568"]
[BlackElo "1806"]
[PlyCount "102"]
[EventDate "2011.??.??"]

1. e4 Nc6 2. Nc3 e5 3. Bc4 Nf6 4. d3 h6 5. f4 Bc5 6. Nf3 d6 7. Na4 Bb6 8. Nxb6
axb6 9. O-O Bg4 10. h3 Bxf3 11. Qxf3 Nd4 12. Qf2 b5 13. fxe5 dxe5 14. Bd5 c6
15. c3 Ne2+ 16. Qxe2 cxd5 17. Be3 O-O 18. exd5 Nxd5 19. Rad1 Nxe3 20. Qxe3 Rxa2
21. Qxe5 Qb6+ 22. d4 Rxb2 23. Rb1 Rc2 24. Rxb5 Qg6 25. Qd5 Re8 26. Rxb7 Ree2
27. Qxf7+ Qxf7 28. Rfxf7 Rxg2+ 29. Kf1 Rg3 30. d5 Rcg2 31. d6 Rg1+ 32. Kf2
R1g2+ 33. Kf1 Rg1+ 34. Ke2 R1g2+ 35. Rf2 Rxf2+ 36. Kxf2 Rd3 37. d7 Kf8 38. Rb8+
Ke7 39. d8=Q+ Rxd8 40. Rxd8 Kxd8 41. Kf3 Ke7 42. Kf4 Ke6 43. c4 g6 44. c5 Kd5
45. c6 Kxc6 46. Ke5 h5 47. h4 Kd7 48. Kf6 Ke8 49. Kxg6 Kf8 50. Kxh5 Kg7 51. Kg5
Kh7 1/2-1/2

[Event "10eme Open International de La Fere"]
[Site "La Fere (FRA)"]
[Date "2011.07.08"]
[Round "8.27"]
[White "Devaux, Jean-Marc"]
[Black "Waquet, Frederic"]
[Result "0-1"]
[WhiteElo "1470"]
[BlackElo "1967"]
[PlyCount "58"]
[EventDate "2011.??.??"]

1. e4 e6 2. d4 d5 3. Nc3 Bb4 4. Bd2 dxe4 5. Nxe4 Qxd4 6. Nc3 Nf6 7. Nf3 Qd6 8.
Be2 Bd7 9. O-O Bc6 10. Nb5 Bxb5 11. Bxb5+ c6 12. Ba4 Bxd2 13. Qxd2 Qxd2 14.
Nxd2 Nbd7 15. Rad1 Nc5 16. Bb3 Nxb3 17. Nxb3 Ke7 18. Rfe1 Rhd8 19. Nc5 b6 20.
Nd3 Rd6 21. f3 Rad8 22. Nf2 Rd2 23. Rc1 b5 24. g4 h6 25. h4 g5 26. hxg5 hxg5
27. Kg2 Nd5 28. Kg3 Nf4 29. Red1 Ne2+ 0-1

[Event "10eme Open International de La Fere"]
[Site "La Fere (FRA)"]
[Date "2011.07.08"]
[Round "8.28"]
[White "Chevance, Gerard"]
[Black "Rouffignac, Tanguy"]
[Result "0-1"]
[WhiteElo "1660"]
[BlackElo "1964"]
[PlyCount "94"]
[EventDate "2011.??.??"]

1. d4 Nf6 2. Nf3 g6 3. e3 Bg7 4. c4 c5 5. Nc3 O-O 6. d5 d6 7. Be2 e6 8. e4 exd5
9. exd5 Re8 10. O-O Bf5 11. Nh4 Bd7 12. Nf3 Ne4 13. Qc2 Nxc3 14. bxc3 Qf6 15.
Bb2 Bg4 16. Rfe1 Nd7 17. h3 Bf5 18. Qd2 Nb6 19. a4 a5 20. Nh2 Re4 21. f3 Re5
22. Ng4 Bxg4 23. hxg4 Rae8 24. Kf1 Qh4 25. Bd3 Rxe1+ 26. Rxe1 Rxe1+ 27. Qxe1
Qxe1+ 28. Kxe1 Nxa4 29. Ba1 Bxc3+ 30. Bxc3 Nxc3 31. Kd2 Na4 32. Kc2 Kg7 33. Be4
Kf6 34. Kd3 Ke7 35. g5 Kd7 36. Kc2 Kc7 37. Kb3 Nb6 38. Bf5 Kb8 39. f4 Ka7 40.
Ka2 Ka6 41. Bg4 a4 42. Ka3 Nxc4+ 43. Kxa4 b5+ 44. Kb3 Nb6 45. Be6 fxe6 46. dxe6
Nc8 47. g4 Ne7 0-1

[Event "10eme Open International de La Fere"]
[Site "La Fere (FRA)"]
[Date "2011.07.08"]
[Round "8.29"]
[White "Dumenil, Jean-Francois"]
[Black "Meunier, Samuel"]
[Result "0-1"]
[WhiteElo "1670"]
[BlackElo "1950"]
[PlyCount "98"]
[EventDate "2011.??.??"]

1. d4 d5 2. c4 c6 3. Nc3 Nf6 4. Bg5 e6 5. Nf3 Be7 6. e3 Nbd7 7. Bd3 O-O 8. O-O
a6 9. cxd5 exd5 10. Rc1 Re8 11. Ne2 h6 12. Bf4 Ne4 13. Bxe4 dxe4 14. Nd2 Nf6
15. h3 Bf5 16. Bh2 Bd6 17. Ng3 Bg6 18. Nc4 Bc7 19. Qb3 Re7 20. Rfd1 Nd5 21. Nf1
Bxh2+ 22. Nxh2 Bh5 23. Rf1 a5 24. Ne5 f6 25. Nc4 Bf7 26. Qd1 Nb4 27. a3 Nd3 28.
b3 Nxc1 29. Qxc1 b5 30. Nd2 Rc8 31. Qc5 Re8 32. Rc1 Qd5 33. Nhf1 Qxc5 34. Rxc5
Bd5 35. Ng3 g6 36. Ngf1 Kf7 37. Nh2 g5 38. Nhf1 Kg6 39. g4 h5 40. Ng3 hxg4 41.
hxg4 Rcd8 42. Kg2 Re6 43. Nf5 Rh8 44. Rc1 Ree8 45. Rc5 Rh7 46. Rc1 Reh8 47. Ng3
Rh2+ 48. Kg1 R2h4 49. Kf1 Rh1+ 0-1

[Event "10eme Open International de La Fere"]
[Site "La Fere (FRA)"]
[Date "2011.07.08"]
[Round "8.30"]
[White "Touret, Alex"]
[Black "Tawegoum, Ivan"]
[Result "0-1"]
[WhiteElo "1843"]
[BlackElo "1640"]
[PlyCount "96"]
[EventDate "2011.??.??"]

1. e4 c5 2. Nc3 e6 3. g3 a6 4. Bg2 Qc7 5. d3 Nc6 6. Nge2 Be7 7. Be3 Nf6 8. O-O
O-O 9. f4 Ng4 10. Bd2 d6 11. h3 Nf6 12. Kh2 b5 13. Ng1 Bb7 14. Nce2 d5 15. e5
Nd7 16. c3 f5 17. exf6 Nxf6 18. Nf3 e5 19. Qc2 Rad8 20. f5 Bd6 21. Ng5 Bc8 22.
Rac1 Ne7 23. Ne6 Bxe6 24. fxe6 Qc8 25. c4 Qxe6 26. cxb5 axb5 27. Qb3 b4 28. Be3
Rc8 29. Bd2 Qd7 30. Bg5 Bb8 31. Ng1 h6 32. Be3 Bd6 33. Nf3 Kh8 34. Nd2 Nf5 35.
Bf2 Nd4 36. Bxd4 exd4 37. Rf3 Bb8 38. Qd1 Qd6 39. Qe1 Nh5 40. Nf1 Rxf3 41. Bxf3
Nf6 42. Qf2 Re8 43. Rc2 Nd7 44. Qg2 Ne5 45. Rd2 Nxf3+ 46. Qxf3 Rf8 47. Qg2 Qf6
48. Kg1 c4 0-1

[Event "10eme Open International de La Fere"]
[Site "La Fere (FRA)"]
[Date "2011.07.08"]
[Round "8.31"]
[White "Casier, Fabrice"]
[Black "Huyet, Yannick"]
[Result "1-0"]
[WhiteElo "1795"]
[BlackElo "1629"]
[PlyCount "35"]
[EventDate "2011.??.??"]

1. c4 Nf6 2. Nc3 e6 3. Nf3 Be7 4. d4 O-O 5. e4 d6 6. Bd3 c5 7. d5 exd5 8. exd5
a6 9. O-O Bg4 10. Bc2 Qd7 11. Qd3 Bxf3 12. Qxf3 Qg4 13. Qd3 Nbd7 14. h3 Qh4 15.
b3 Ne5 16. Qe2 Rfe8 17. Ne4 Ng6 18. Bg5 1-0

[Event "10eme Open International de La Fere"]
[Site "La Fere (FRA)"]
[Date "2011.07.08"]
[Round "8.32"]
[White "Pruvost, Alain"]
[Black "Galtier, Antoine"]
[Result "0-1"]
[WhiteElo "1647"]
[BlackElo "1757"]
[PlyCount "90"]
[EventDate "2011.??.??"]

1. b4 e5 2. b5 d5 3. Bb2 Bd6 4. c4 d4 5. e3 c5 6. exd4 exd4 7. Nf3 Nf6 8. Be2
O-O 9. O-O Nbd7 10. d3 Qc7 11. g3 Re8 12. Nh4 Ne5 13. Nd2 Bh3 14. Re1 Re7 15.
Ndf3 Rae8 16. Nxe5 Rxe5 17. Nf3 R5e7 18. Qd2 Bg4 19. Kg2 Qd7 20. Ng1 Bf5 21.
Bf1 Ng4 22. Rxe7 Rxe7 23. Re1 Rxe1 24. Qxe1 Qe7 25. Qxe7 Bxe7 26. h3 Ne5 27.
Bc1 Nxd3 28. Bd2 Ne5 29. Nf3 Be4 30. Be2 d3 31. Bd1 Nxc4 32. Bc3 Nd6 33. a4 f6
34. Kf1 Kf8 35. Nd2 Bd5 36. Bf3 Bxf3 37. Nxf3 Kf7 38. Ne1 c4 39. Bd4 b6 40. Nf3
Ke6 41. Nd2 Kd5 42. Bb2 Ne4 43. Nxe4 Kxe4 44. Bc3 Bc5 45. Kg2 Bd4 0-1

[Event "10eme Open International de La Fere"]
[Site "La Fere (FRA)"]
[Date "2011.07.08"]
[Round "8.33"]
[White "Caloone, Thomas"]
[Black "Gomes, Alexis"]
[Result "1-0"]
[WhiteElo "1640"]
[BlackElo "1710"]
[PlyCount "43"]
[EventDate "2011.??.??"]

1. e4 e5 2. Nf3 d5 3. exd5 e4 4. Nd4 Qxd5 5. Nb5 Qe5 6. N5c3 Nf6 7. Be2 Bd6 8.
d4 exd3 9. Qxd3 O-O 10. Nd2 Re8 11. Nf3 Qh5 12. Bg5 Ng4 13. h3 Nc6 14. Rf1 Nge5
15. Nxe5 Qxg5 16. Nf3 Qf6 17. O-O-O Nb4 18. Qb5 Bd7 19. Qxd7 Rxe2 20. Nxe2
Nxa2+ 21. Kb1 Ba3 22. Qd4 1-0

[Event "10eme Open International de La Fere"]
[Site "La Fere (FRA)"]
[Date "2011.07.08"]
[Round "8.34"]
[White "Bouguettouche, Didier"]
[Black "Durot, Edwige"]
[Result "0-1"]
[WhiteElo "1410"]
[BlackElo "1693"]
[PlyCount "80"]
[EventDate "2011.??.??"]

1. d4 Nf6 2. Nf3 e6 3. Nc3 Bb4 4. Bd2 O-O 5. e3 b6 6. a3 Be7 7. g3 Bb7 8. Bg2
d6 9. O-O Nbd7 10. Ne1 Qc8 11. Bxb7 Qxb7 12. Qf3 d5 13. Qg2 c5 14. Ne2 Ne4 15.
Bc1 Rac8 16. f3 Nef6 17. c3 Rc7 18. dxc5 Nxc5 19. b4 Nb3 20. Rb1 Nxc1 21. Rxc1
Rfc8 22. Nd3 Qa6 23. Nef4 Rxc3 24. Rce1 Rxa3 25. e4 dxe4 26. fxe4 Qc4 27. e5
Qd4+ 28. Qf2 Qxf2+ 29. Kxf2 Ng4+ 30. Kg2 g5 31. Rf3 gxf4 32. gxf4 Rc2+ 33. Kh3
h5 34. f5 Rxd3 35. Rxd3 Nf2+ 36. Kg3 Nxd3 37. f6 Nxe1 38. fxe7 Rc8 39. Kh4 Nf3+
40. Kxh5 Nxe5 0-1

[Event "10eme Open International de La Fere"]
[Site "La Fere (FRA)"]
[Date "2011.07.08"]
[Round "8.35"]
[White "Delias, Gerard"]
[Black "Koechler, Thomas"]
[Result "0-1"]
[WhiteElo "1580"]
[BlackElo "1989"]
[PlyCount "94"]
[EventDate "2011.??.??"]

1. c4 f5 2. d4 e6 3. Nc3 Nf6 4. Nf3 b6 5. e3 Bb7 6. Be2 Bb4 7. O-O Bxc3 8. bxc3
Ne4 9. Qc2 Nc6 10. Ba3 Ne7 11. Nd2 Ng6 12. Nxe4 Bxe4 13. Bd3 Bb7 14. f3 Qg5 15.
Bc1 h5 16. e4 f4 17. d5 h4 18. h3 Ne5 19. Bd2 Rh6 20. Rf2 Rg6 21. Be2 Ba6 22.
Qc1 Rf6 23. Qf1 O-O-O 24. c5 Bxe2 25. Qxe2 Rg6 26. cxb6 cxb6 27. a4 exd5 28.
exd5 Re8 29. Kh1 Qg3 30. Raf1 Kd8 31. Qd1 Nd3 32. Re2 Re5 33. Be1 Nxe1 34.
Rfxe1 Rxe2 35. Qxe2 Qg5 36. c4 Kc7 37. Qe5+ Qxe5 38. Rxe5 Kd6 39. Rf5 Rf6 40.
Rh5 Kc5 41. Rxh4 Kxc4 42. g4 Kxd5 43. Rh5+ Kc4 44. Rf5 Rxf5 45. gxf5 d5 46. f6
gxf6 47. h4 d4 0-1